000
00325nam a22001337a 4500
003
SGT
020
_a
9788179104798
082
_a
150.72,GOE
100
_a
GOEL,SUSHIL KUMAR
245
_a
RESEARCH ON PSYCHO-SPCIAL DIMENSIONS
260
_a
JAIPUR
_b
AAVISHKAR PUBLISHERS DISTRIBUTORS
_c
2015
300
_a
251
942
_2
ddc
_c
BK
999
_c
34108
_d
34108